1131 1055 1142 1046 1340 1532 1079 1566 1158 1300 1964 1787 1011 1125 1961 1672 1563 1790 1625 1852 1137 1992 1336 1231 1301 1738 1825 1713 1491 1839 1902 1543 1237 1170 1168 1827 1406 1523 1375 1236 1285 1942 1499 1947 1493 1441 1295 1860 1317 1394 1052 1792 1038 1200 1068 1090 1411 1464 1686 1900 1196 1573 1325 1024 1463 1127 1640 1975 1233 1092 1612 1656 1214 1933 1531 1079 1173 1219 1085 1141 1663 1063 1188 1981 1212 1723 1254 1848 1498 1369 1612 1757 1100 1284 1220 1734 1694 1185 1835 BCNSPRNW ULIB Ver.6.0+V

เปลี่ยนเป็นภาษาไทย

Change to English
 แสดงรายละเอียดบรรณานุกรม
  กลับหน้าหลัก

Brief Record : Get Marc (ISO 2709) : E-mail record : QR code < ปิดหน้าต่าง
LEADER : 00000nam 2200000uu 4500
001    13399122094
003     ULIB
008    121226s2551||||th 000 0 tha d
020    ^a9789743934889
060 04 ^aWI950^bพ526ส 2551
100 0  ^aพัฒน์พงศ์ นาวีเจริญ
245 10 ^aไส้เลื่อน /^cพัฒน์พงศ์ นาวีเจริญ,เขียน
250    ^aพิมพ์ครั้งที่ 1
260    ^aกรุงเทพฯ :^bอมรินทร์สุขภาพ,^c2551
300    ^a93 หน้า :^bภาพประกอบ
650  7 ^aไส้เลื่อน
650  7 ^aไส้เลื่อน^xการรักษา
945    ^p89^l0^i17731
945    ^p89^l0^i17732
995    ^aทศพร
999    ^aทศพร เกษรทอง
รายการนี้ยังไม่มีแท็ก
คุณยังไม่ได้ล็อกอิน คุณสามารถมีกิจกรรมร่วมกับเว็บไซต์ได้ แต่ต้องล็อกอินก่อน ::
  ล็อกอิน

รายการสื่อสารสนเทศ

ลำดับที่ ประเภท เลขเรียก/บาร์โค้ด สถานที่ สถานะ
1. วิทยาศาสตร์การแพทย์ และสุขภาพ
วิทยาศาสตร์การแพทย์ และสุขภาพ
WI950 พ526ส 2551 ฉ.1 
  Barcode: 17731
ห้องสมุดวิทยาเขตสวรรค์ประชารักษ์
►ส่วนจัดเก็บหนังสือเก่า สปร
บนชั้น
  ขอยืม
2. วิทยาศาสตร์การแพทย์ และสุขภาพ
วิทยาศาสตร์การแพทย์ และสุขภาพ
WI950 พ526ส 2551 ฉ.3 
  Barcode: 17732
ห้องสมุดวิทยาเขตสวรรค์ประชารักษ์
►ส่วนจัดเก็บหนังสือเก่า สปร
บนชั้น
  ขอยืม

รายการใกล้เคียง
    ผู้แต่ง [พัฒน์พงศ์ นาวีเจริญ]

    หัวเรื่อง [ไส้เลื่อน]

BibComment


ยังไม่เคยถูกคอมเมนท์

คอมเมนท์ทรัพยากรรายการนี้
  คอมเมนท์: ไส้เลื่อน พัฒน์..


 Copyright 2026. Bcnsprnw @Library